000 00796nam a2200205Ia 4500
003 GCL
008 140319s9999 xx 000 0 ara d
040 _aGCL /
_cGCL
082 0 4 _a189.1
_bم ت
100 1 _aمحمد على ابوريان
245 1 0 _aتاريخ الفكر الفلسفى فى الاسلام :
_bالمقدمات العامة - علم الكلام - الفلسفة الاسلامية /
_cمحمد على ابوريان
250 _aالثانية
260 _aبيروت :
_bدار النهضة العربية ،
_c1986
300 _a471 ص ؛
_c24 سم
650 0 4 _aالفلسفة الاسلامية
650 0 4 _aعلم الكلام
650 0 4 _aالفكر الفلسفى
650 0 4 _aالاسلام والفكر الفلسفى المادى
942 _2ddc
_cBK
999 _c50000
_d50000